[Event "Tourn. n8717"]
[Site "www.chess-mail.com"]
[Date "2016.05.18"]
[Round "1"]
[White "Caspito"]
[Black "Falcoale"]
[WhiteElo "1720"]
[BlackElo "1740"]
[Result "1-0"]
[Round "1"]
1.e4 c5
2.c3 e6
3.d4 cxd4
4.cxd4 Ng8f6
5.e5 Nf6d5
6.Ng1f3 Nb8c6
7.Bf1b5 a6
8.Bb5xc6 bxc6
9.O-O Bc8b7
10.Nf3g5 h6
11.Ng5e4 Bf8e7
12.Qd1h5 Nd5b4
13.Nb1a3 Nb4d3
14.Na3c4 Nd3xc1
15.Ra1xc1 O-O
16.Nc4e3 f5
17.Ne4c5 Bb7c8
18.b4 d6
19.Nc5d3 Be7g5
20.Rc1xc6 d5
21.Nd3c5 Bc8d7
22.Rc6d6 Ra8a7
23.Nc5xe6 Qd8e7
24.Ne6xf8 Kxf8
25.Ne3xd5 Qe7f7
26.Qh5xf7 Kxf7
27.Nd5b6 Bd7b5
28.Rf1e1 Bg5d2
29.Re1d1 Bd2xb4
30.e6 Kg8
31.Rd6d8 Kh7
32.d5 Bb4a5
33.Nb6c8 Ba5xd8
34.Nc8xa7 Bb5c4
35.Na7c6 Bd8f6
36.e7 Bf6xe7
37.Nc6xe7 Bc4xa2
38.d6 { resign }
1-0

[Event "Tourn. n8710"]
[Site "www.chess-mail.com"]
[Date "2016.05.18"]
[Round "1"]
[White "Nugun"]
[Black "Tevere"]
[WhiteElo "1810"]
[BlackElo "1819"]
[Result "0-1"]
[Round "1"]
1.c4 Ng8f6
2.Nb1c3 g6
3.g3 d6
4.Bf1g2 Bf8g7
5.d4 O-O
6.e3 c6
7.Ng1f3 Bc8g4
8.O-O Rf8e8
9.h3 Bg4d7
10.e4 e5
11.d5 Qd8c8
12.Qd1b3 cxd5
13.cxd5 Bd7xh3
14.Bg2xh3 Qc8xh3
15.Nf3g5 Qh3d7
16.Bc1e3 Nb8a6
17.f3 h6
18.Ng5xf7 Kxf7
19.Ra1c1 Kg8
20.Nc3b5 Qd7h3
21.Be3f2 Nf6h5
22.f4 exf4
23.Nb5xd6 fxg3
24.Bf2xg3 Nh5xg3
25.Qb3c4 Re8f8
26.Rf1xf8 Ra8xf8
27.Nd6f5 Bg7d4
28.Qc4xd4 Ng3e2
29.Kf2 Ne2xd4
{ resign }
0-1

[Event "Tourn. n8698"]
[Site "www.chess-mail.com"]
[Date "2016.05.18"]
[Round "1"]
[White "Milkyway"]
[Black "Orhany24"]
[WhiteElo "2269"]
[BlackElo "2120"]
[Result "1-0"]
[Round "1"]
1.e4 e5
2.Ng1f3 d5
3.exd5 Qd8xd5
4.Nb1c3 Qd5d8
5.Bf1c4 Nb8c6
6.d3 Bf8e7
7.Nc3d5 Be7d6
8.h3 Ng8e7
9.Nd5xe7 Nc6xe7
10.O-O O-O
11.Rf1e1 Ne7g6
12.Bc1e3 c5
13.Nf3d2 a6
14.a4 Bc8d7
15.Nd2e4 Qd8c7
16.Ne4xd6 Qc7xd6
17.Bc4b3 b5
18.axb5 axb5
19.Ra1xa8 Rf8xa8
20.Bb3xf7 Kh8
21.Bf7xg6 Qd6xg6
22.Qd1f3 Bd7c6
23.Qf3g3 Qg6d6
24.Be3d2 Ra8e8
25.Bd2c3 h6
26.Bc3xe5 Qd6e7
27.f4 { resign }
1-0

[Event "Tourn. n8703"]
[Site "www.chess-mail.com"]
[Date "2016.05.18"]
[Round "1"]
[White "Gfalk"]
[Black "Drawmaster"]
[WhiteElo "1690"]
[BlackElo "1660"]
[Result "1-0"]
[Round "1"]
1.f4 d5
2.Ng1f3 g6
3.g3 Bf8g7
4.Bf1g2 Ng8f6
5.O-O O-O
6.d3 c5
7.c3 Nb8c6
8.Qd1e1 Bc8g4
9.e4 dxe4
10.dxe4 Bg4xf3
11.Rf1xf3 e6
12.Nb1d2 Qd8c7
13.Nd2c4 b5
14.Nc4a3 a6
15.Bc1d2 Ra8c8
16.Na3c2 Rf8d8
17.Qe1e2 c4
18.h3 Rd8d7
19.Ra1f1 Rc8d8
20.Bd2c1  { time }
1-0

[Event "Tourn. n8664"]
[Site "www.chess-mail.com"]
[Date "2016.05.18"]
[Round "1"]
[White "Nugun"]
[Black "Falcoale"]
[WhiteElo "1750"]
[BlackElo "1760"]
[Result "0-1"]
[Round "1"]
1.c4 Ng8f6
2.Nb1c3 e6
3.g3 b6
4.Bf1g2 c6
5.e3 Bc8b7
6.Ng1f3 d5
7.b3 Bf8e7
8.O-O O-O
9.d4 a6
10.e4 dxe4
11.Nf3g5 Nb8d7
12.Nc3xe4 h6
13.Ng5f3 Nf6xe4
14.Bc1b2 Ne4g5
15.Qd1d2 Nd7f6
16.Nf3e5 Nf6d7
17.Bg2xc6 Nd7xe5
18.Bc6xb7 Ra8a7
19.Bb7g2 Ne5f3
20.Bg2xf3 Ng5xf3
21.Kg2 Nf3xd2
22.Rf1e1 Be7f6
23.Bb2c3 Bf6xd4
24.Bc3b4 Qd8a8
25.Kh3 Nd2f3
26.Re1f1 Nf3g5
27.Kg4 f5
28.Kh4 Rf8f6
29.Ra1d1 Qa8e8
30.Rd1xd4 Ng5f3
31.Kh3 Nf3xd4
32.Bb4c3 Qe8h5
33.Kg2 Qh5f3
34.Kh3 Qf3xc3
35.f4 Qc3c2
{ resign }
0-1

[Event "Tourn. n8728"]
[Site "www.chess-mail.com"]
[Date "2016.05.18"]
[Round "1"]
[White "Elogic"]
[Black "Louis"]
[WhiteElo "1860"]
[BlackElo "1940"]
[Result "0-1"]
[Round "1"]
1.b3 e5
2.e4 Ng8f6
3.d3 Bf8c5
4.Bc1g5 d5
5.Nb1d2 h6
6.Bg5xf6 Qd8xf6
7.Qd1f3 Qf6e7
8.exd5 O-O
9.O-O-O Nb8d7
10.Nd2e4 a5
11.Ne4xc5 Qe7xc5
12.Qf3e4 Nd7f6
13.Qe4xe5 Nf6g4
14.Qe5g3 Ng4xf2
15.d4 Qc5a3
16.Kd2 Nf2e4
17.Ke1 Ne4xg3
18.hxg3 Rf8e8
 { time }
0-1

[Event "Tourn. n8707"]
[Site "www.chess-mail.com"]
[Date "2016.05.18"]
[Round "1"]
[White "Milkyway"]
[Black "Faerieking"]
[WhiteElo "2269"]
[BlackElo "2180"]
[Result "0-1"]
[Round "1"]
1.d4 Ng8f6
2.Bc1f4 c5
3.dxc5 Qd8a5
4.c3 Qa5xc5
5.e3 Nb8c6
6.Ng1f3 e6
7.Nb1d2 d5
8.Nd2b3 Qc5b6
9.Nf3e5 Nc6xe5
10.Bf4xe5 Bf8e7
11.Qd1d4 Qb6xd4
12.Be5xd4 O-O
13.Bf1e2 Bc8d7
14.Nb3c5 Bd7c6
15.h3 b6
16.Nc5d3 Nf6d7
17.Nd3e5 Nd7xe5
18.Bd4xe5 f6
19.Be5g3 d4
20.exd4 Bc6xg2
21.Rh1h2 Bg2b7
22.O-O-O Ra8c8
23.Kb1 Rf8d8
24.Be2d3 e5
25.dxe5 Rd8xd3
26.Rd1xd3 Bb7e4
{ resign }
0-1

[Event "Tourn. n8747"]
[Site "www.chess-mail.com"]
[Date "2016.05.18"]
[Round "1"]
[White "Romaamor69"]
[Black "Picifarkinca"]
[WhiteElo "1859"]
[BlackElo "1720"]
[Result "1-0"]
[Round "1"]
1.d4 d5
2.Ng1f3 Ng8f6
3.c4 c6
4.e3 e6
5.Nb1d2 Nb8d7
6.b3 Bf8e7
7.Bf1d3 O-O
8.Bc1b2 b6
9.O-O Bc8b7
10.Nf3e5 Qd8c7
11.Qd1f3 dxc4
12.Nd2xc4 Ra8d8
13.Rf1d1 b5
14.Ne5xd7 Nf6xd7
15.Nc4d2 f5
16.Qf3h5 Nd7f6
17.Qh5e2 Be7d6
18.Nd2f3 Nf6e4
19.Qe2c2 Qc7f7
20.Nf3e5 Qf7e8
21.Bd3xe4 fxe4
22.Qc2xe4 Bd6xe5
23.Qe4xe5 Qe8f7
24.Qe5g3 Qf7f6
25.Bb2a3 Rf8f7
26.Ba3c5 Bb7c8
27.Bc5d6 Rf7d7
28.Bd6e5 Qf6f7
29.Ra1c1 Bc8b7
30.Rd1d2 Qf7e7
31.Rd2c2 Qe7a3
32.Qg3g4 Rd8e8
33.h4 a5
34.h5 a4
35.bxa4 Qa3xa4
36.h6 g6
37.Qg4g5 Rd7f7
38.e4 { resign }
1-0

[Event "Tourn. n8739"]
[Site "www.chess-mail.com"]
[Date "2016.05.18"]
[Round "1"]
[White "Orhany24"]
[Black "Rons"]
[WhiteElo "2200"]
[BlackElo "2580"]
[Result "0-1"]
[Round "1"]
1.e4 c5
2.Ng1f3 d6
3.d4 cxd4
4.Nf3xd4 Ng8f6
5.Bf1d3 g6
6.c4 Bf8g7
7.h3 Nb8c6
8.Nd4xc6 bxc6
9.O-O Ra8b8
10.Qd1c2 Nf6d7
11.Nb1c3 O-O
12.Bc1e3 Qd8a5
13.Be3d2 Nd7c5
14.Bd3e2 f5
15.exf5 Bc8xf5
16.Qc2c1 Nc5d3
17.Be2xd3 Bf5xd3
18.Rf1e1 Qa5c5
19.Re1xe7 Qc5xf2
20.Kh1 Bd3f1
{ resign }
0-1

[Event "Tourn. n8680"]
[Site "www.chess-mail.com"]
[Date "2016.05.18"]
[Round "1"]
[White "Tonino1"]
[Black "Tartan"]
[WhiteElo "2280"]
[BlackElo "2440"]
[Result "0-1"]
[Round "1"]
1.d4 Ng8f6
2.Ng1f3 d5
3.e3 Bc8f5
4.Bf1d3 e6
5.b3 Bf5xd3
6.cxd3 c5
7.Bc1b2 cxd4
8.Bb2xd4 Nb8c6
9.Bd4b2 Bf8b4
10.Nb1d2 O-O
11.O-O Bb4d6
12.d4 Qd8a5
13.Nf3e5 Ra8c8
14.f4 Bd6b4
15.Nd2f3 Nc6xe5
16.fxe5 Nf6e4
17.a3 Bb4c3
18.Qd1e2 Bc3xb2
19.Qe2xb2 Qa5c3
20.Qb2xc3 Rc8xc3
21.Ra1b1 Rf8c8
22.Rf1e1 Rc3c2
23.a4 Ne4c3
24.Rb1a1 Rc2b2
25.Ra1a3 Nc3e4
26.g3 g5
 { time }
0-1

[Event "Match"]
[Site "www.echecsemail.com"]
[Date "2016.05.18"]
[Round "1"]
[White "Jhzes"]
[Black "Fangshuo"]
[WhiteElo "1809"]
[BlackElo "2080"]
[Result "1-0"]
[Round "1"]
1.e4 e6
2.c4 c5
3.f4 Nb8c6
4.Ng1f3 d5
5.exd5 exd5
6.d4 Ng8f6
7.cxd5 Qd8xd5
8.Nb1c3 Qd5d7
9.d5 Nf6xd5
10.Nc3xd5 Nc6d4
11.Nd5c3 Nd4xf3
12.Qd1xf3 Qd7e6
13.Bc1e3 Bf8e7
14.Bf1e2 O-O
15.Nc3b5 Be7h4
16.g3 Bh4d8
17.Be3xc5 Rf8e8
18.Nb5d6 Re8e7
19.Nd6xc8 Re7c7
20.Nc8d6 Rc7xc5
21.Qf3xb7 Rc5c2
22.Qb7e4 Bd8a5
23.Kf2 Qe6xe4
24.Nd6xe4 Ra8e8
25.Rh1c1 Rc2xb2
26.Kf3 f5
27.Ne4d6 Re8f8
28.Rc1c8 Rf8xc8
29.Nd6xc8 { resign }
1-0

[Event "Match"]
[Site "www.echecsemail.com"]
[Date "2016.05.18"]
[Round "1"]
[White "Milkyway"]
[Black "Tartan"]
[WhiteElo "1809"]
[BlackElo "2440"]
[Result "0-1"]
[Round "1"]
1.e4 c5
2.Ng1f3 Nb8c6
3.Bf1b5 g6
4.Bb5xc6 dxc6
5.c3 Qd8d3
6.Qd1e2 Qd3xe2
7.Kxe2 Ng8f6
8.d3 c4
9.e5 cxd3
10.Kxd3 Nf6d5
11.a3 Bc8f5
12.Ke2 Bf8g7
13.Rh1e1 Ra8d8
14.h3 O-O
15.Kf1 c5
16.Nb1d2 Nd5f4
17.Nd2e4 Nf4d3
18.Re1e2 Nd3xc1
19.Ra1xc1 b6
20.Ke1 Bg7h6
21.Rc1d1 Bf5e6
22.Nf3d2 Rd8d3
23.Nd2f3 Rd3xd1
24.Kxd1 Be6b3
25.Ke1 Bb3c4
{ resign }
0-1

[Event "Match"]
[Site "www.echecsemail.com"]
[Date "2016.05.18"]
[Round "1"]
[White "Wwgia"]
[Black "Liencam2"]
[WhiteElo "2080"]
[BlackElo "2350"]
[Result "0-1"]
[Round "1"]
1.d4 Ng8f6
2.c4 g6
3.Nb1c3 Bf8g7
4.e4 d6
5.Ng1f3 O-O
6.Bf1e2 e5
7.O-O Nb8c6
8.d5 { time. }
0-1

[Event "Match"]
[Site "www.echecsemail.com"]
[Date "2016.05.18"]
[Round "1"]
[White "Amo"]
[Black "Whitekknight"]
[WhiteElo "1809"]
[BlackElo "1910"]
[Result "0-1"]
[Round "1"]
1.c4 c6
2.d4 d5
3.c5 e5
4.e3 exd4
5.exd4 Bf8e7
6.Bf1d3 Ng8f6
7.f3 Bc8e6
8.g4 Nf6d7
 { time }
0-1

[Event "Match"]
[Site "www.echecsemail.com"]
[Date "2016.05.18"]
[Round "1"]
[White "Gambitmiau"]
[Black "Wagner"]
[WhiteElo "1840"]
[BlackElo "1800"]
[Result "1-0"]
[Round "1"]
1.e4 e5
2.d4 d5
3.dxe5 dxe4
4.Qd1xd8 Kxd8
5.Nb1c3 Bf8b4
6.Bc1d2 f6
7.Bf1c4 Ng8e7
8.O-O-O fxe5
9.Nc3xe4 Bc8f5
10.Bd2xb4 Ke8
11.Bb4xe7 Kxe7
12.Ne4g5 Kf6
13.h4 h6
14.Ng5f3 Nb8c6
15.Ng1e2 e4
16.Nf3d4 e3
17.Nd4xf5 Kxf5
18.Rd1d5 Nc6e5
19.f4 Rh8e8
20.fxe5 c6
21.Rh1f1 Ke4
22.Rf1f4 { resign }
1-0

[Event "Match"]
[Site "www.echecsemail.com"]
[Date "2016.05.18"]
[Round "1"]
[White "Nugun"]
[Black "Elogic"]
[WhiteElo "1820"]
[BlackElo "1800"]
[Result "1-0"]
[Round "1"]
1.c4 g6
2.Nb1c3 e6
3.g3 d5
4.e3 dxc4
5.Bf1xc4 b6
6.Ng1f3 Bc8b7
7.O-O Qd8f6
8.d4 Bb7xf3
9.Bc4e2 Bf3xe2
10.Qd1xe2 Bf8g7
11.Nc3e4 Qf6e7
12.Qe2f3 c6
13.Bc1d2 f5
14.Ne4c3 e5
15.Ra1e1 e4
16.Qf3g2 Nb8d7
17.f3 O-O-O
18.fxe4 fxe4
19.Nc3xe4 Ng8h6
20.Re1c1 Kc7
21.d5 Nd7c5
22.Bd2b4  { time }
1-0

[Event "Match"]
[Site "www.echecsemail.com"]
[Date "2016.05.18"]
[Round "1"]
[White "Jhzes"]
[Black "Silent1"]
[WhiteElo "1809"]
[BlackElo "1860"]
[Result "1-0"]
[Round "1"]
1.d4 d5
2.Bc1f4 Ng8f6
3.Nb1c3 e6
4.f3 a6
5.e4 dxe4
6.fxe4 Bf8e7
7.Ng1f3 O-O
8.Nf3e5 Nb8d7
9.Ne5xd7 Bc8xd7
10.Qd1f3 Be7b4
11.O-O-O Bb4xc3
12.Qf3xc3 Nf6xe4
13.Qc3e3 Ne4f6
14.Bf1d3 c6
15.Rh1f1 Nf6d5
16.Qe3h3 Nd5f6
17.Bf4g5 e5
18.Qh3h4 exd4
19.Bg5xf6 { resign }
1-0

[Event "Match"]
[Site "www.echecsemail.com"]
[Date "2016.05.18"]
[Round "1"]
[White "Mitja"]
[Black "Bojan"]
[WhiteElo "1880"]
[BlackElo "1910"]
[Result "1-0"]
[Round "1"]
1.d4 d5
2.e3 Bc8d7
3.h3 Ng8f6
4.Ng1f3 e6
5.c3 c5
6.dxc5 Bf8xc5
7.Qd1b3 Qd8c7
8.Bf1b5 Nb8c6
9.Nb1a3 Nf6e4
10.Bb5d3 b6
11.Qb3c2 Nc6e5
12.Nf3xe5 Qc7xe5
13.Na3b5 O-O
14.Nb5d4 f5
15.b4 Bc5e7
16.Bc1b2 Qe5f6
17.Qc2e2 f4
18.O-O-O fxe3
19.Bd3xe4 dxe4
20.fxe3 e5
21.Rh1f1 Qf6g6
22.Nd4c2 Bd7e6
23.Nc2a3 Be6xa2
24.Rf1xf8 Be7xf8
25.c4 Ra8c8
26.Bb2c3 Qg6e6
27.Qe2xa2 Bf8e7
28.Qa2c2 a5
29.Qc2b3 Kh8
30.bxa5 bxa5
31.Bc3xa5 h6
32.Rd1d2 Rc8a8
33.Ba5b4 Qe6b6
34.Na3b5 Be7g5
35.Rd2e2 Ra8a1
36.Kb2 Ra1f1
37.Bb4d6 Qb6a6
38.Qb3a3 Qa6c6
39.Qa3c3 Qc6a6
40.Qc3a3 Qa6c6
41.Qa3c3 Qc6a6
42.Bd6a3 Qa6c6
43.Re2c2 Rf1e1
44.Qc3xe1 { resign }
1-0

[Event "Match"]
[Site "www.echecsemail.com"]
[Date "2016.05.18"]
[Round "1"]
[White "Wwgia"]
[Black "Milkyway"]
[WhiteElo "2180"]
[BlackElo "1809"]
[Result "0-1"]
[Round "1"]
1.d4 Ng8f6
2.c4 e6
3.Ng1f3 d5
4.Nb1c3 Bf8e7
5.Bc1g5 O-O
6.e3 b6
7.Bg5xf6 Be7xf6
8.cxd5 exd5
9.Bf1d3 Bc8b7
10.O-O Nb8d7
11.Qd1c2 g6
12.b4 c6
13.a4 Rf8e8
14.Qc2b3 Bf6g7
15.Rf1e1 Nd7f6
16.a5 Qd8c7
17.Re1c1 Qc7d6
18.axb6 axb6
19.Ra1xa8 Re8xa8
20.h3 b5
21.Nf3e1 Bg7f8
22.Bd3b1 Qd6xb4
23.Qb3c2 Bf8g7
{ resign }
0-1

[Event "Match"]
[Site "www.echecsemail.com"]
[Date "2016.05.18"]
[Round "1"]
[White "Chapi"]
[Black "Milkyway"]
[WhiteElo "2080"]
[BlackElo "1809"]
[Result "1/2-1/2"]
[Round "1"]
1.d4 d5
2.c4 e5
3.Nb1c3 dxc4
4.d5 c6
5.dxc6 Qd8xd1
6.Nc3xd1 Nb8xc6
7.Nd1c3 Bc8e6
8.Ng1f3 f6
9.e4 O-O-O
10.Bc1e3 Bf8b4
11.Nf3d2 Bb4xc3
12.bxc3 Ng8e7
13.Bf1xc4 Be6xc4
14.Nd2xc4 Rd8d7
15.O-O Rh8d8
16.Nc4a3 Rd7d3
17.Ra1c1 Kb8
18.Rf1e1 a6
19.Na3c4 Ne7c8
20.Nc4b2 Rd3d7
21.Rc1d1 Rd7xd1
22.Nb2xd1 Kc7
23.c4 Nc6d4
24.Be3d2 Nc8b6
25.Bd2a5 Kc6
26.Nd1e3 Rd8d7
27.Ne3d5 Nb6xc4
28.Ba5c3 Nd4b5
29.Re1c1 Nb5xc3
30.Rc1xc3 b5
31.h3 Kb7
32.Kh2 Nc4b6
33.Nd5b4 Nb6c4
34.Kg3 Rd7d2
35.a4 Rd2d7
36.axb5 axb5
37.f4 exf4
38.Kxf4 Nc4e5
39.Kf5 Ne5c4
40.Nb4d3 Rd7c7
41.Rc3b3 Kc6
42.g4 Nc4d6
43.Kf4 Nd6c4
44.Nd3b4 { draw }
1/2-1/2

[Event "Match"]
[Site "www.echecsemail.com"]
[Date "2016.05.18"]
[Round "1"]
[White "Hurtadofredy"]
[Black "Germancho95"]
[WhiteElo "1570"]
[BlackElo "1550"]
[Result "0-1"]
[Round "1"]
1.g3 c5
2.Bf1g2 d6
3.a4 Nb8d7
4.e3 e6
5.a5 a6
6.d4 d5
7.dxc5 Bf8xc5
8.Bc1d2 Ng8f6
9.b4 Bc5d6
10.Bd2c3 b5
11.e4 Bc8b7
12.exd5 Nd7b8
13.dxe6 Bb7xg2
14.exf7 Kxf7
15.Ra1a2 Rh8e8
16.Kd2 Bg2xh1
17.Kc1 Nb8c6
18.f3 Qd8c7
19.Ng1h3 Bh1g2
20.Bc3xf6 gxf6
21.c3 Bg2xh3
22.Qd1d5 Bh3e6
23.Qd5h5 Kg7
24.Ra2e2 Nc6e5
25.Kc2 Bd6xb4
26.Re2xe5 fxe5
{ resign }
0-1

[Event "1/64 Finale"]
[Site "www.chess-mail.com"]
[Date "2016.05.18"]
[Round "1"]
[White "Guidom"]
[Black "Leeds"]
[WhiteElo "2020"]
[BlackElo "1740"]
[Result "1-0"]
[Round "1"]
1.e4 c6
2.d4 d5
3.exd5 cxd5
4.Ng1f3 Ng8f6
5.c3 Nb8c6
6.Bc1g5 Nf6e4
7.Bg5h4 g6
8.Bf1d3 Ne4d6
9.O-O Bf8g7
10.Nb1d2 O-O
11.Rf1e1 Nd6f5
12.Bd3xf5 Bc8xf5
13.Nd2b3 Qd8c7
14.Bh4g3 Qc7d8
15.Nf3e5 Nc6xe5
16.Bg3xe5 Rf8e8
17.Qd1f3 Bf5e4
18.Qf3g3 Bg7xe5
19.Qg3xe5 Be4f5
20.f3 f6
21.Qe5g3 Kg7
22.Re1e3 e6
23.Nb3c5 b6
24.Nc5a6 Re8e7
25.Ra1e1 Ra8c8
26.Qg3h4 g5
27.Qh4f2 Qd8d7
28.Na6b4 Rc8e8
29.f4 h6
30.h3 Qd7d6
31.fxg5 fxg5
32.g4 Bf5e4
33.Re3xe4 dxe4
34.Re1xe4 e5
35.d5 Re7f7
36.Qf2e2 Rf7f4
37.Re4xf4 gxf4
38.Qe2e4 Qd6c5
39.Kg2 Qc5e3
40.Qe4xe3 fxe3
41.Kf3 a5
42.Nb4c6 Kf6
43.Kxe3 Kg5
44.d6 Kf6
45.d7 { resign }
1-0

[Event "1/4 Finale"]
[Site "www.chess-mail.com"]
[Date "2016.05.18"]
[Round "1"]
[White "Hwj"]
[Black "Echo314"]
[WhiteElo "2840"]
[BlackElo "2820"]
[Result "1/2-1/2"]
[Round "1"]
1.e4 c5
2.Ng1f3 d6
3.d4 cxd4
4.Nf3xd4 Ng8f6
5.Nb1c3 a6
6.Bc1e3 e5
7.Nd4b3 Bc8e6
8.f3 h5
9.Nc3d5 Be6xd5
10.exd5 Nb8d7
11.Qd1d2 g6
12.Bf1e2 Bf8g7
13.O-O-O b5
14.Nb3a5 Nd7b6
15.Kb1 O-O
16.Na5c6 Qd8c7
17.Be3xb6 Qc7xb6
18.g4 Rf8e8
19.g5 Nf6d7
20.Rh1f1 Nd7b8
21.Nc6a5 Nb8d7
22.Be2d3 b4
23.Na5c6 a5
24.Rd1e1 Nd7c5
25.Bd3e4 Qb6c7
26.Qd2e2 Qc7c8
{ draw }
1/2-1/2

[Event "1/128 Finale"]
[Site "www.chess-mail.com"]
[Date "2016.05.18"]
[Round "1"]
[White "Ipswich"]
[Black "Genius9"]
[WhiteElo "1550"]
[BlackElo "1790"]
[Result "1/2-1/2"]
[Round "1"]
1.e4 c6
2.d4 d5
3.exd5 cxd5
4.Bc1f4 Ng8f6
5.Ng1f3 Nb8c6
6.Bf1e2 a6
7.O-O g6
8.Nb1d2 Bf8g7
{ draw }
1/2-1/2

[Event "1/16 Finale"]
[Site "www.chess-mail.com"]
[Date "2016.05.18"]
[Round "1"]
[White "Astigitana"]
[Black "Sik"]
[WhiteElo "2450"]
[BlackElo "1860"]
[Result "1-0"]
[Round "1"]
1.d4 d5
2.c4 e6
3.Nb1c3 Ng8f6
4.cxd5 Nf6xd5
5.Ng1f3 Bf8e7
6.e4 Nd5b6
7.Bf1d3 O-O
8.O-O c5
9.dxc5 Be7xc5
10.e5 Bc8d7
11.Bd3xh7 Kxh7
12.Nf3g5 Kg6
13.h4 { resign }
1-0

[Event "Eq:Royal chess-Los Tercios : "]
[Site "www.chess-mail.com"]
[Date "2016.05.18"]
[Round "1"]
[White "Ericleo1980"]
[Black "Krystek23"]
[WhiteElo "2370"]
[BlackElo "2130"]
[Result "0-1"]
[Round "1"]
1.e4 c5
2.Ng1f3 e6
3.d4 cxd4
4.Nf3xd4 Nb8c6
5.Nb1c3 d6
6.Bc1e3 Bc8d7
7.Qd1d2 Ng8f6
8.f3 a6
9.g4 h6
10.h4 Bf8e7
11.O-O-O Ra8c8
12.Bf1e2 Nc6b8
13.g5 Nf6h5
14.gxh6 gxh6
15.Rd1g1 b5
16.f4 Nh5f6
17.Be2f3 b4
18.Nc3e2 Qd8c7
19.Kb1 e5
20.fxe5 dxe5
21.Nd4b3 Be7f8
22.Ne2g3 Bd7e6
23.Rg1g2 a5
24.Ng3f5 a4
25.Nb3c1 Nb8d7
26.Nf5xh6 Qc7c6
27.Nh6g4 Be6xg4
28.Bf3xg4 Nf6xg4
29.Rg2xg4 Nd7f6
30.Rg4g5 Bf8d6
31.Qd2g2 a3
32.Nc1d3 Nf6xe4
33.Nd3xe5 Ne4d2
34.Qg2xd2 Qc6xh1
35.Rg5g1 Qh1e4
36.Ne5g4 Bd6e7
37.Be3g5 Be7xg5
38.hxg5 Rh8h1
39.Ng4f6 Kf8
40.Nf6xe4 Rh1xg1
41.Qd2c1 Rg1xc1
42.Kxc1 Rc8e8
43.Ne4c5 Re8e1
44.Kd2 axb2
{ resign }
0-1

[Event "Tourn. n8652"]
[Site "www.chess-mail.com"]
[Date "2016.05.19"]
[Round "1"]
[White "Gatrooper"]
[Black "Jjmcbride"]
[WhiteElo "1670"]
[BlackElo "1640"]
[Result "0-1"]
[Round "1"]
1.e4 e5
2.a3 d6
3.h3 c6
4.d3 d5
5.exd5 cxd5
6.Ng1f3 Nb8c6
7.Nb1c3 d4
8.Nc3b5 Qd8a5
9.Bc1d2 Qa5xb5
10.b3 Ng8e7
11.a4 Qb5c5
12.Bf1e2 Ne7d5
13.O-O Bf8e7
14.c4 Nd5f6
15.Qd1e1 a5
16.b4 axb4
17.Ra1b1 Qc5b6
18.Be2d1 O-O
19.Nf3g5 h6
20.Ng5e4 Nf6xe4
21.Bd1f3 Ne4c3
22.Bd2xc3 dxc3
23.Bf3d1 Qb6d4
24.Qe1e2 Qd4f4
25.g3 Qf4g5
26.h4 Qg5f5
27.f3 Be7c5
28.Rf1f2 Qf5h3
29.Bd1c2 Qh3xg3
30.Kf1 Bc5xf2
31.Qe2xf2 Nc6d4
32.Qf2xg3 Nd4xc2
33.Qg3xe5 Bc8h3
34.Kf2 Rf8e8
35.Qe5g3 Bh3f5
36.Rb1g1 g6
37.h5 g5
38.Qg3c7 Bf5xd3
39.Kg3 Re8c8
40.Qc7xb7 Bd3xc4
41.Rg1c1 b3
42.Rc1d1 b2
43.Qb7e4 Nc2a3
44.Qe4e7 b1Q
45.Rd1xb1 Na3xb1
46.Qe7e4 Nb1d2
47.Qe4e5 Nd2f1
48.Kf2 c2
49.Qe5e1 Bc4a6
50.Qe1c1 Ra8b8
51.Kg2 Rb8b1
52.Qc1xg5 hxg5
53.h6 c1Q
54.Kh3 Qc1f4
55.Kg2 Qf4g3
56.Kh1 Qg3h2
{ resign }
0-1

[Event "Tourn. n8677"]
[Site "www.chess-mail.com"]
[Date "2016.05.19"]
[Round "1"]
[White "Orhany24"]
[Black "Tonino1"]
[WhiteElo "2110"]
[BlackElo "2250"]
[Result "1/2-1/2"]
[Round "1"]
1.e4 c5
2.Ng1f3 d6
3.d4 cxd4
4.Nf3xd4 Ng8f6
5.Bf1d3 Nb8c6
6.Nd4xc6 bxc6
7.c4 g6
8.Nb1c3 Bf8g7
9.O-O O-O
10.h3 Bc8e6
11.Bc1e3 Qd8a5
12.Qd1c2 d5
13.exd5 cxd5
14.cxd5 Nf6xd5
15.Nc3xd5 Be6xd5
16.Be3d2 Qa5b6
17.Bd2c3 Ra8c8
18.Qc2d2 Bg7xc3
19.bxc3 Rc8c7
20.Rf1c1 Rf8d8
21.Qd2e2 Bd5e6
22.c4 Qb6d4
23.Rc1d1 Qd4c5
24.Ra1c1 Rd8d4
25.Bd3b1 Be6xc4
26.Qe2c2 Rd4xd1
27.Qc2xd1 Qc5b6
28.Qd1d8 Kg7
29.Bb1d3 Bc4xd3
30.Qd8xc7 Qb6xc7
31.Rc1xc7 a6
32.Rc7xe7 Bd3b5
33.f4 Kf6
34.Re7a7 Bb5c4
35.Kf2 h5
36.g4 hxg4
37.hxg4 Ke6
38.Ke3 Kd6
39.Kd4 Bc4b5
40.a4 Bb5xa4
41.Ra7xa6 Ba4c6
42.Ra6xc6 Kxc6
43.Ke5 Kd7
44.Kf6 Ke8
45.f5 gxf5
46.gxf5 Kf8
47.Ke5 { draw }
1/2-1/2

[Event "Tourn. n8717"]
[Site "www.chess-mail.com"]
[Date "2016.05.19"]
[Round "1"]
[White "Hundegana"]
[Black "Caspito"]
[WhiteElo "1880"]
[BlackElo "1720"]
[Result "1-0"]
[Round "1"]
1.e4 e5
2.Ng1f3 Nb8c6
3.Bf1b5 a6
4.Bb5xc6 bxc6
5.Nf3xe5 Qd8f6
6.Ne5g4 Qf6g6
7.d3 d5
8.f3 d4
9.O-O Bf8d6
10.Bc1d2 Qg6h5
11.h3 Bc8xg4
12.fxg4 Qh5b5
13.b3 O-O-O
14.Rf1xf7 Ng8h6
15.Bd2xh6 gxh6
16.Qd1f3 Qb5a5
17.Qf3f5 Qa5xf5
18.gxf5 Rd8d7
19.Rf7xd7 Kxd7
20.Nb1d2 Ke7
21.Kf2 Rh8g8
22.Nd2f3 c5
23.e5 Bd6xe5
24.Nf3xe5 Kf6
25.Ne5c6 h5
26.Kf3 Rg8g5
27.g4 hxg4
28.hxg4 h5
29.gxh5 Rg5xh5
30.Kg4 Rh5xf5
31.Ra1c1 Rf5f2
32.Kg3 Rf2e2
33.Nc6a5 Kg5
34.Na5c4 c6
35.Nc4a5 Re2e3
36.Kf2 Kg4
37.Na5xc6 Re3h3
38.Rc1g1 Kf4
39.Nc6b8 Rh3h2
40.Rg1g2 Rh2h1
41.Nb8xa6 Rh1c1
42.a4 Rc1xc2
43.Kg1 Rc2c1
44.Kh2 Rc1c3
45.Rg2d2 Rc3xb3
46.Na6xc5 Rb3b8
47.Kg2 Rb8g8
48.Kf2 Rg8h8
49.Ke1 Kf3
50.Rd2f2 Ke3
51.Rf2f1 Rh8h2
52.a5 Rh2a2
53.Nc5b3 Ra2a3
54.Nb3c1 Ra3xa5
55.Rf1h1 Kf3
56.Rh1h4 Ke3
57.Rh4e4 Kf3
58.Re4xd4 Ke3
59.Rd4e4 Kf3
60.Kd2 Ra5c5
61.Nc1b3 Rc5c8
62.Re4e3 Kf4
63.d4 Kf5
64.Nb3c5 Rc8a8
65.Re3e5 Kf6
66.Kc3 Ra8c8
67.Kc4 Rc8d8
68.Re5e6 Kf7
69.d5 Rd8c8
70.Kb5 Rc8d8
71.Kc6 Rd8c8
72.Kd6 Rc8d8
73.Nc5d7 Rd8a8
74.Re6f6 Kg7
75.Ke7 Ra8a7
76.d6 Ra7a6
77.Rf6f7 Kg8
78.Nd7f6 { resign }
1-0

[Event "Tourn. n8725"]
[Site "www.chess-mail.com"]
[Date "2016.05.19"]
[Round "1"]
[White "Cal"]
[Black "Genius3"]
[WhiteElo "1650"]
[BlackElo "1680"]
[Result "0-1"]
[Round "1"]
1.d4 d5
2.e3 Ng8f6
3.h3 c6
4.Nb1c3 g6
5.a3 Bf8g7
6.Ng1f3 O-O
7.b4 Nb8d7
8.Bc1b2 Rf8e8
9.Bf1d3 e5
10.dxe5 Nd7xe5
11.Nf3d4 Ne5xd3
12.cxd3 a5
13.b5 c5
14.Nd4f3 d4
15.Nc3e2 dxe3
16.fxe3 Re8xe3
17.Ra1c1 Re3xd3
18.Qd1c2 b6
19.O-O Bc8b7
20.Nf3e5 Qd8d5
21.Ne2f4 Qd5e4
22.Nf4xd3 Ra8d8
23.Qc2b3 Qe4xg2

0-1

[Event "Tourn. n8730"]
[Site "www.chess-mail.com"]
[Date "2016.05.19"]
[Round "1"]
[White "Malbertan"]
[Black "Jftgalloso"]
[WhiteElo "2040"]
[BlackElo "1870"]
[Result "1-0"]
[Round "1"]
1.e4 e6
2.d4 c5
3.Ng1f3 cxd4
4.Nf3xd4 a6
5.Nb1c3 Nb8c6
6.Bf1e2 g6
7.h4 Bf8g7
8.Bc1e3 b6
9.h5 Bg7xd4
10.Be3xd4 Ng8f6
11.hxg6 fxg6
12.Qd1d3 e5
13.Bd4e3 Qd8c7
14.Be3g5 Nc6b4
15.Qd3d2 Nf6xe4
16.Nc3xe4 Nb4xc2
17.Kf1 Nc2xa1
18.Ne4d6 Kf8
19.Bg5h6 Ke7
20.Nd6xc8 Ra8xc8
21.Be2xa6 Na1c2
22.Bh6g5 Ke8
23.Ba6xc8 Qc7xc8
24.Qd2d6 Qc8c4
25.Kg1 Qc4e6
26.Qd6b8 { resign }
1-0

[Event "Tourn. n8736"]
[Site "www.chess-mail.com"]
[Date "2016.05.19"]
[Round "1"]
[White "Julian"]
[Black "Faerieking"]
[WhiteElo "2100"]
[BlackElo "2260"]
[Result "1/2-1/2"]
[Round "1"]
1.e4 e5
2.Ng1f3 Nb8c6
3.c3 Ng8e7
4.Bf1c4 Ne7g6
5.d4 exd4
6.cxd4 Bf8b4
7.Nb1c3 O-O
8.O-O d6
9.Nc3d5 Bb4a5
10.Bc1g5 Qd8e8
11.e5 Bc8e6
12.Nd5e3 Be6xc4
13.Ne3xc4 Ba5b6
14.Nc4xb6 axb6
15.exd6 cxd6
16.Rf1e1 Qe8d7
17.d5 Nc6e5
18.Nf3xe5 Ng6xe5
19.a3 f6
20.Bg5f4 Ra8a4
21.Bf4e3 b5
{ draw }
1/2-1/2

[Event "Tourn. n8655"]
[Site "www.chess-mail.com"]
[Date "2016.05.19"]
[Round "1"]
[White "Andychesston"]
[Black "Difficult"]
[WhiteElo "1960"]
[BlackElo "1890"]
[Result "1-0"]
[Round "1"]
1.e4 e5
2.Ng1f3 d6
3.d4 exd4
4.Nf3xd4 Ng8f6
5.Bc1g5 Bf8e7
6.Nb1c3 O-O
7.Bf1c4 c6
8.Qd1d3 Nb8d7
9.O-O-O Nd7e5
10.Qd3e2 Ne5xc4
11.Qe2xc4 Qd8a5
12.Nd4b3 Qa5xg5
13.Kb1 Bc8e6
14.Qc4d3 a5
15.g3 Be6xb3
16.cxb3 Rf8d8
17.f4 Qg5g4
18.h3 Qg4c8
19.g4 Nf6d7
20.g5 Nd7c5
21.Qd3c2 b5
22.h4 Qc8b7
23.Nc3e2 a4
24.Ne2d4 axb3
25.Nd4xb3 Nc5xb3
26.Qc2xb3 c5
27.g6 hxg6
28.Rd1d5 Ra8b8
29.h5 c4
30.Qb3d1 b4
31.hxg6 fxg6
32.Qd1g4 c3
33.Qg4e6 Kf8
34.Rh1h8 
1-0

[Event "Tourn. n8445"]
[Site "www.chess-mail.com"]
[Date "2016.05.19"]
[Round "1"]
[White "Claudia"]
[Black "Theos666"]
[WhiteElo "999"]
[BlackElo "1220"]
[Result "1-0"]
[Round "1"]
1.d4 d5
2.c4 Ng8f6
3.cxd5 Nf6xd5
4.e4 Nd5b4
5.Qd1a4 Qd8d7
6.Qa4xb4 g6
7.Ng1f3 Qd7d6
8.Qb4xd6 exd6
9.Nb1c3 Bf8g7
10.Bf1c4 Nb8c6
11.Bc1e3 Nc6b4
12.Ra1c1 c6
13.a3 Nb4d3
14.Bc4xd3 O-O
15.O-O f6
16.Be3f4 Rf8d8
17.h3 g5
18.Bf4g3 b6
19.Rf1d1 g4
20.hxg4 { resign }
1-0